Bienvenue à la Médiathèque de Saint-Andiol
banniere
Accueil Recherche avancée Mon compte
handi1 Rechercher dans le catalogue

Filtre   Mots-clés
  Recherche avancée
 
Lister les dernières nouveautés
 
Lister les livres GROS CARACTERES
 
Lister les périodiques (magazines)

handi1 Que choisir [ 638 ]

Book Cover
Titre : Que choisir [ 638 ]
Support : Livres
Langue : Francais
Publié : 2023 Union Fédérale des Consommateurs
Genre : Revues et magazines
Collection : Que Choisir
Sujets : Consommateurs
Étiquettes :
Pas de tags
LEADER 00898nas0a2200265 450
001 16863360
011 |d 5,2 € 
100 |a 20240827d2023 u u0frey01 ba 
101 1 |a fre  |c fre 
102 |a FR 
110 0 |a afu 0uu0 
200 0 |a Que choisir [ 638 ] 
207 1 |a  638 
210 |c Union Fédérale des Consommateurs  |d 2023 
215 |a 66 p.  |c couv. ill. coul. ; ill. coul.  |d 28 cm 
225 1 |a Que Choisir 
464 |a Tests labo: tables à induction aspirantes, smartphones et ultrabooks 
464 |a Nanoparticules: Elles sont partout, comment les éviter 
464 |a Décharges sauvages: un vrai fléau 
464 |a Vélos électriques, 20 modèles testés 
610 0 |a Consommateurs 
676 |a 070.17 
900 |a Revues et magazines 
901 |a Adultes 
995 |a Médiathèque  |c Médiathèque  |f 089020292  |h 089020292  |k 070.17 QUE 638  |o p  |q a  |r az  |u Nouveauté  |e Médiathèque